| 000 | 00751nam a22002537a 4500 | ||
|---|---|---|---|
| 999 |
_c315574 _d315574 |
||
| 001 | 29193 | ||
| 003 | UA-OsUOA | ||
| 005 | 20200302161438.0 | ||
| 007 | ta | ||
| 008 | 20041004b un ||||| |||| 00| 0 ukr d | ||
| 020 | _a5770793929 | ||
| 040 |
_aUA-OsUOA _bukr _cUA-OsUOA _dUA-OsUOA |
||
| 041 | _aukr | ||
| 044 | _aUA | ||
| 080 | _a81'271-161.2 | ||
| 090 |
_a81'271-161.2 _bД69 |
||
| 100 | _aДороніна М. С. | ||
| 245 |
_aКультура спілкування ділових людей _bпосіб. для студентів гуманітарних факультетів вищих навчальних закладів |
||
| 260 |
_aК. _bAcademia _c1997 |
||
| 300 | _a192 с. | ||
| 650 | 7 | _2UDC | |
| 942 |
_cBK _2udc |
||
| 955 | _a0 | ||